000 01022nam a22003257a 4500
001 BR0104995
003 BR-BrBNA
005 20230928100957.0
007 ta
008 230509b bl.||||| |||| 00| 0 por d
040 _aBR-BrBNA
_bpor
_cBiblioteca Nacional de Agricultura
041 _a(Por)
072 _aP32; P33
090 _ P32 BR0104995
100 1 _aGamero, R.M.P.
110 1 _aEscola Superior de Agricultura Luiz de Queiroz, Piracicaba, SP (Brasil)
_0Tese (Mestre em Agronomia)
245 1 _aMineralogia, fisico-quimica e classificacao dos solos de mangue do rio Iriri no canal de Bertioga (Santos, SP)
260 3 _aPiracicaba, SP (Brasil):
_c2001.
300 _a76 p.
500 _aSummaries (Eng, Por); Bibliography p. 65-76; 37 illus.
650 _aClassificacao do Solo
650 _aPropriedade Fisico-quimica
650 _aMineralogia
650 _aMangue
650 _aSedimentacao
650 _aRio
650 _aSao Paulo
909 _a202309
_bLucia
_c55
_dLucia Elande
942 _cBK
999 _c63677
_d63677